00300nam a22001097a 4500003000400000020001800004082001900022100003000041245004600071260006600117300000700183SGT a9788193618137 a891.4309bC16A aअली, आसिफ  acansurvive सुबह का पता  bराधाकृष्ण पेपरबैक्सc2016 a89